[Event "3MCR_3DW_1L_1S"]
[Site "?"]
[Date "2009.??.??"]
[Round "?"]
[White "Nepustil, Frantisek"]
[Black "Sochor, Frantisek"]
[Result "1/2-1/2"]
[WhiteElo "2322"]
[BlackElo "2375"]
[Annotator "041"]
[PlyCount "72"]
[EventDate "2009.??.??"]
[EventType "corr"]
[SourceDate "2002.06.29"]

1. e4 e5 2. f4 exf4 3. Nf3 g5 4. Nc3 Nc6 5. g3 d6 6. d4 g4 7. Nh4 f3 8. Be3 Be7
9. Qd2 Nf6 10. O-O-O d5 11. Bd3 Nb4 12. e5 Nxd3+ 13. Qxd3 Nh5 14. Nf5 Be6 15.
Kb1 Bf8 16. h3 Bxf5 17. Qxf5 Nxg3 18. Qxg4 Nxh1 19. Qxf3 c6 20. Rxh1 Rg8 21.
Rf1 Qd7 22. Ne2 Qe6 23. a3 Be7 24. Bd2 O-O-O 25. Nf4 Qf5 26. Nxd5 Qxf3 27.
Nxe7+ Kd7 28. Rxf3 Kxe7 29. Bb4+ Ke8 30. Rf4 Rg6 31. a4 f6 32. e6 Rd5 33. c4
Rh5 34. a5 Rgh6 35. Rg4 Rg6 36. Rf4 Rgh6 1/2-1/2

[Event "3MCR_3DW_1L_2S"]
[Site "?"]
[Date "2009.??.??"]
[Round "?"]
[White "Docekal, Ales"]
[Black "Cipka, Ivan"]
[Result "1/2-1/2"]
[WhiteElo "2108"]
[BlackElo "2194"]
[Annotator "042"]
[PlyCount "47"]
[EventDate "2009.??.??"]
[EventType "corr"]
[SourceDate "2002.06.29"]

1. e4 e5 2. Nf3 Nf6 3. Nxe5 d6 4. Nf3 Nxe4 5. Nc3 Nxc3 6. dxc3 Be7 7. Bf4 O-O
8. Qd2 Be6 9. O-O-O Nc6 10. Bd3 Qd7 11. Nd4 Nxd4 12. cxd4 Qa4 13. a3 Rfe8 14.
Qe2 Qd7 15. Qe4 g6 16. d5 Bf5 17. Qc4 Bf6 18. Rhe1 Rxe1 19. Rxe1 Re8 20. Re3
Rxe3 21. fxe3 Bxd3 22. Qxd3 Qg4 23. Qf1 Qf5 24. Qf3 1/2-1/2

[Event "3MCR_3DW_1L_2S"]
[Site "?"]
[Date "2009.??.??"]
[Round "?"]
[White "Cipka, Ivan"]
[Black "Krouzel, Jaroslav"]
[Result "1/2-1/2"]
[WhiteElo "2194"]
[BlackElo "2277"]
[Annotator "043"]
[PlyCount "51"]
[EventDate "2009.??.??"]
[EventType "corr"]
[SourceDate "2002.06.29"]

1. e4 e6 2. d4 d5 3. Nc3 Bb4 4. e5 c5 5. a3 Bxc3+ 6. bxc3 Ne7 7. Qg4 O-O 8. Bd3
f5 9. exf6 Rxf6 10. Bg5 Rf7 11. Nf3 Nbc6 12. Qh4 h6 13. Bxe7 Qxe7 14. Qxe7 Rxe7
15. dxc5 e5 16. Be2 Bg4 17. O-O e4 18. Nd4 Bxe2 19. Nxe2 Ne5 20. Rfd1 Rd7 21.
Nf4 Rc8 22. Nxd5 Rxc5 23. Ne3 Rxd1+ 24. Rxd1 Rxc3 25. Rd5 Nc6 26. Kf1 1/2-1/2

[Event "3MCR_3DW_1L_3S"]
[Site "?"]
[Date "2009.??.??"]
[Round "?"]
[White "Janocko, Petr"]
[Black "Tunega, Frantisek"]
[Result "1/2-1/2"]
[WhiteElo "2193"]
[BlackElo "2003"]
[Annotator "059"]
[PlyCount "72"]
[EventDate "2009.??.??"]
[EventType "corr"]
[SourceDate "2002.06.29"]

1. d4 Nf6 2. c4 d6 3. Nc3 g6 4. e4 Bg7 5. f3 O-O 6. Be3 e5 7. d5 c6 8. Bd3 cxd5
9. cxd5 Nh5 10. Nge2 f5 11. exf5 gxf5 12. O-O Nd7 13. Rc1 Nc5 14. Bc4 a6 15. b4
Nd7 16. Bd3 Ndf6 17. Kh1 Bd7 18. Na4 e4 19. Bc2 exf3 20. gxf3 Re8 21. Bf2 Bh6
22. Rg1+ Kh8 23. Nb6 Bxc1 24. Nxc1 Rg8 25. Rxg8+ Kxg8 26. Nxa8 Qxa8 27. Ne2 Qc8
28. Bb3 Qe8 29. Bd4 Kf7 30. a4 h6 31. Qc2 f4 32. a5 Bb5 33. Ng1 Qd7 34. Bb2 Qe7
35. Ba2 Be8 36. Qc8 Bd7 1/2-1/2

[Event "3MCR_3DW_1L_2S"]
[Site "?"]
[Date "2009.??.??"]
[Round "?"]
[White "Vozda, Jindrich"]
[Black "Kyhos, Alois"]
[Result "1-0"]
[WhiteElo "2444"]
[BlackElo "2146"]
[Annotator "044"]
[PlyCount "69"]
[EventDate "2009.??.??"]
[EventType "corr"]
[SourceDate "2002.06.29"]

1. e4 e5 2. Nf3 d6 3. d4 exd4 4. Nxd4 Nf6 5. Nc3 Be7 6. Bf4 O-O 7. Qd2 Nc6 8.
O-O-O Nxd4 9. Qxd4 Be6 10. f3 a6 11. g4 b5 12. h4 c6 13. g5 Ne8 14. Kb1 Qa5 15.
Bh3 b4 16. Bxe6 fxe6 17. Ne2 Qb5 18. Qf2 e5 19. Bc1 d5 20. Qg2 Bc5 21. exd5 Nc7
22. dxc6 Qxc6 23. Qg4 Rxf3 24. Ng3 Be7 25. g6 h6 26. Ne4 Raf8 27. Qd7 Qxe4 28.
Qxe7 Ne8 29. h5 Rf2 30. Ka1 Qxc2 31. Qe6+ Kh8 32. Rd8 Qa4 33. Re1 b3 34. a3 e4
35. Rc8 1-0

[Event "3MCR_3DW_1L_3S"]
[Site "?"]
[Date "2009.??.??"]
[Round "?"]
[White "Pravec, Ladislav"]
[Black "Ryska, Jiri"]
[Result "1/2-1/2"]
[WhiteElo "2338"]
[BlackElo "2104"]
[Annotator "060"]
[PlyCount "61"]
[EventDate "2009.??.??"]
[EventType "corr"]
[SourceDate "2002.06.29"]

1. d4 Nf6 2. c4 e6 3. Nf3 d5 4. Nc3 Bb4 5. cxd5 exd5 6. Bg5 h6 7. Bxf6 Qxf6 8.
Rc1 O-O 9. a3 Bxc3+ 10. Rxc3 c6 11. e3 Bg4 12. Be2 Nd7 13. O-O Rfe8 14. h3 Bf5
15. Qb3 Rab8 16. Rfc1 Qd8 17. Qd1 Nf6 18. Nd2 Qd6 19. Bf3 a6 20. Qb3 Nh7 21.
Qb6 Ng5 22. Be2 Re7 23. Nf3 Ne4 24. Rb3 Rbe8 25. Bd3 Qe6 26. Bf1 g5 27. Ne5 Nd2
28. Rbc3 Nxf1 29. Rxf1 h5 30. Qb3 g4 31. h4 1/2-1/2

[Event "3MCR_3DW_1L_2S"]
[Site "?"]
[Date "2009.??.??"]
[Round "?"]
[White "Krouzel, Jaroslav"]
[Black "Vozda, Jindrich"]
[Result "1/2-1/2"]
[WhiteElo "2277"]
[BlackElo "2444"]
[Annotator "045"]
[PlyCount "73"]
[EventDate "2009.??.??"]
[EventType "corr"]
[SourceDate "2002.06.29"]

1. d4 Nf6 2. c4 e6 3. Nc3 d5 4. Bg5 Be7 5. e3 h6 6. Bh4 O-O 7. Nf3 b6 8. cxd5
Nxd5 9. Bxe7 Qxe7 10. Nxd5 exd5 11. Rc1 Be6 12. Bd3 c5 13. dxc5 bxc5 14. O-O
Nd7 15. Qa4 Rfb8 16. Bb5 c4 17. Bxd7 Bxd7 18. Qc2 Qb4 19. Rb1 Rb7 20. h3 Qa5
21. b3 Rc8 22. Nd4 Qa6 23. bxc4 Rxb1 24. Rxb1 dxc4 25. Ne2 Qa5 26. Rc1 Qg5 27.
Qe4 Bxh3 28. Nf4 Bf5 29. Qd4 Qf6 30. Rxc4 Rxc4 31. Qxc4 Qa1+ 32. Kh2 Qe5 33.
Kg1 g5 34. Nh5 Bg6 35. g4 Qe6 36. Qxe6 fxe6 37. Nf6+ 1/2-1/2

[Event "3MCR_3DW_1L_3S"]
[Site "?"]
[Date "2009.??.??"]
[Round "?"]
[White "Tyrlik, Jaroslav"]
[Black "Alexa, Jaroslav"]
[Result "1/2-1/2"]
[WhiteElo "2039"]
[BlackElo "2325"]
[Annotator "061"]
[PlyCount "78"]
[EventDate "2009.??.??"]
[EventType "corr"]
[SourceDate "2002.06.29"]

1. e4 c5 2. Nf3 d6 3. d4 cxd4 4. Nxd4 Nf6 5. Nc3 a6 6. Be2 e5 7. Nb3 Be7 8. Qd3
O-O 9. O-O Be6 10. Rd1 b5 11. a3 Nbd7 12. Qg3 Rc8 13. Bh6 Ne8 14. Be3 f5 15.
Qh3 Nc7 16. exf5 Bxf5 17. Bg4 Bxg4 18. Qxg4 Nf6 19. Qh3 Qe8 20. f4 Qf7 21. Rf1
e4 22. Nd4 Ncd5 23. Nd1 Qh5 24. Qxh5 Nxh5 25. g3 Nhf6 26. Re1 Rfe8 27. c3 Bd8
28. Nf5 Bc7 29. Bf2 g6 30. Nfe3 Nb6 31. Nc2 Na4 32. Bd4 Bb6 33. Bxb6 Nxb6 34.
Nde3 d5 35. Rad1 Red8 36. Re2 Rd6 37. Nb4 a5 38. Nbc2 Rb8 39. Nd4 Nc4 1/2-1/2

[Event "3MCR_3DW_1L_2S"]
[Site "?"]
[Date "2009.??.??"]
[Round "?"]
[White "Krouzel, Jaroslav"]
[Black "Kyhos, Alois"]
[Result "1/2-1/2"]
[WhiteElo "2277"]
[BlackElo "2146"]
[Annotator "046"]
[PlyCount "80"]
[EventDate "2009.??.??"]
[EventType "corr"]
[SourceDate "2002.06.29"]

1. d4 Nf6 2. c4 e6 3. Nc3 Bb4 4. Bg5 h6 5. Bh4 c5 6. d5 d6 7. e3 exd5 8. cxd5
Nbd7 9. Bd3 O-O 10. Nge2 Ne5 11. O-O Ng6 12. Bg3 Nh5 13. Qc2 f5 14. f4 a6 15.
Bf2 Ne7 16. a3 Ba5 17. e4 Nf6 18. Ng3 fxe4 19. Ngxe4 Ng4 20. g3 b5 21. b4 Nxf2
22. Nxf2 Bb6 23. bxc5 Bxc5 24. Rfe1 Bb7 25. Be4 Rc8 26. Qd3 Qb6 27. Ra2 Kh8 28.
Ncd1 Qa5 29. Ree2 Ng8 30. Bf5 Bxf2+ 31. Kxf2 Rc5 32. Be6 Nf6 33. Ne3 Rc3 34.
Qd4 Rxa3 35. Rxa3 Qxa3 36. Ng4 Bxd5 37. Nxf6 Qf3+ 38. Ke1 Qh1+ 39. Kd2 Bxe6 40.
Rxe6 gxf6 1/2-1/2

[Event "3MCR_3DW_1L_1S"]
[Site "?"]
[Date "2009.??.??"]
[Round "?"]
[White "Sochor, Frantisek"]
[Black "Hybl, Vladislav"]
[Result "1/2-1/2"]
[WhiteElo "2375"]
[BlackElo "2307"]
[Annotator "048"]
[PlyCount "61"]
[EventDate "2009.??.??"]
[EventType "corr"]
[SourceDate "2002.06.29"]

1. e4 c5 2. Nf3 Nc6 3. d4 cxd4 4. Nxd4 Nf6 5. Nc3 e5 6. Ndb5 d6 7. Bg5 a6 8.
Na3 b5 9. Nd5 Be7 10. Bxf6 Bxf6 11. c3 O-O 12. Nc2 Bg5 13. a4 bxa4 14. Rxa4 a5
15. Bc4 Rb8 16. Ra2 Kh8 17. Nce3 Bxe3 18. Nxe3 Ne7 19. O-O f5 20. exf5 Nxf5 21.
Bd5 Qc7 22. Qd2 Nxe3 23. Qxe3 Ba6 24. Rfa1 Bc4 25. Bxc4 Qxc4 26. Qd2 Qb5 27. f3
Qc5+ 28. Qf2 Qxf2+ 29. Kxf2 Rb5 30. c4 Rb4 31. Rxa5 1/2-1/2

[Event "3MCR_3DW_1L_1S"]
[Site "?"]
[Date "2009.??.??"]
[Round "?"]
[White "Valak, Alois"]
[Black "Popelka, Miloslav"]
[Result "1-0"]
[WhiteElo "2326"]
[BlackElo "2260"]
[Annotator "043"]
[PlyCount "63"]
[EventDate "2009.??.??"]
[EventType "corr"]
[SourceDate "2002.06.29"]

1. e4 e5 2. Nf3 Nc6 3. Bb5 a6 4. Ba4 Nf6 5. O-O Be7 6. Re1 b5 7. Bb3 d6 8. c3
O-O 9. h3 Nb8 10. d3 Nbd7 11. Nbd2 Bb7 12. Nf1 Nc5 13. Bc2 Re8 14. Ng3 Bf8 15.
a4 h6 16. Bd2 Ne6 17. d4 exd4 18. cxd4 d5 19. e5 Nd7 20. Bxh6 c5 21. Nf5 cxd4
22. Qd3 g6 23. Bxf8 Rxf8 24. b4 bxa4 25. N3xd4 Qg5 26. Nxe6 fxe6 27. Nd4 Kf7
28. f4 Qh6 29. Bxa4 Ke7 30. Bxd7 Kxd7 31. b5 Qxf4 32. Nxe6 1-0

[Event "3MCR_3DW_1L_2S"]
[Site "?"]
[Date "2009.??.??"]
[Round "?"]
[White "Sykora, Josef"]
[Black "Kuchta, Jiri"]
[Result "1/2-1/2"]
[WhiteElo "2317"]
[BlackElo "2162"]
[Annotator "047"]
[PlyCount "73"]
[EventDate "2009.??.??"]
[EventType "corr"]
[SourceDate "2002.06.29"]

1. d4 Nf6 2. c4 e6 3. Nc3 Bb4 4. e3 O-O 5. Bd3 d5 6. Nf3 c5 7. O-O Nc6 8. a3
Bxc3 9. bxc3 dxc4 10. Bxc4 Qc7 11. Bb2 e5 12. h3 Bf5 13. Qe2 Rad8 14. Rfd1 e4
15. Nd2 Bg6 16. Nb3 Bh5 17. g4 cxd4 18. cxd4 Bg6 19. Rac1 Qe7 20. Bb5 Nd5 21.
Bxc6 bxc6 22. Na5 Qh4 23. Nxc6 Rd6 24. Ne5 Qxh3 25. Qf1 Qh4 26. Qg2 f5 27. a4
Rb6 28. Ba3 Rd8 29. Rc5 f4 30. Bc1 Rb1 31. Rf1 f3 32. Qh2 Qf6 33. Qh3 Bf7 34.
Bd2 Rxf1+ 35. Kxf1 Be6 36. Kg1 Rb8 37. Rb5 1/2-1/2

[Event "3MCR_3DW_1L_2S"]
[Site "?"]
[Date "2009.??.??"]
[Round "?"]
[White "Cipka, Ivan"]
[Black "Postl, Rostislav"]
[Result "1/2-1/2"]
[WhiteElo "2194"]
[BlackElo "2297"]
[Annotator "048"]
[PlyCount "41"]
[EventDate "2009.??.??"]
[EventType "corr"]
[SourceDate "2002.06.29"]

1. e4 e5 2. Nf3 Nc6 3. Bb5 a6 4. Ba4 Nf6 5. O-O Be7 6. Re1 b5 7. Bb3 d6 8. c3
O-O 9. h3 Na5 10. Bc2 c5 11. d4 Qc7 12. d5 Bd7 13. b3 Nb7 14. Qe2 g6 15. Bh6
Rfb8 16. Be3 Nh5 17. g4 Nf6 18. Nbd2 Qa5 19. Qd3 Qd8 20. Kh1 Bf8 21. Bd1
1/2-1/2

[Event "3MCR_3DW_1L_2S"]
[Site "?"]
[Date "2009.??.??"]
[Round "?"]
[White "Schwarz, Jan"]
[Black "Cipka, Ivan"]
[Result "1/2-1/2"]
[WhiteElo "2251"]
[BlackElo "2194"]
[Annotator "049"]
[PlyCount "74"]
[EventDate "2009.??.??"]
[EventType "corr"]
[SourceDate "2002.06.29"]

1. e4 e5 2. Nf3 Nf6 3. Nxe5 d6 4. Nf3 Nxe4 5. d4 d5 6. Bd3 Bd6 7. O-O O-O 8. c4
c6 9. cxd5 cxd5 10. Nc3 Nxc3 11. bxc3 h6 12. Rb1 b6 13. Re1 Re8 14. Rxe8+ Qxe8
15. Nh4 Bf8 16. Nf5 Ba6 17. Bc2 Nd7 18. Bf4 Nf6 19. Be5 Qe6 20. Ne3 Nd7 21. Bf4
Nf6 22. Qf3 Bb7 23. c4 Qd7 24. c5 Ne4 25. Ng4 bxc5 26. Ne5 Qc7 27. Qb3 Bc6 28.
Bxe4 dxe4 29. dxc5 Be8 30. Rc1 Rc8 31. Qd5 Qd8 32. Qxd8 Rxd8 33. c6 Rc8 34. Nd7
Be7 35. Rb1 Bd6 36. Bxd6 Rxc6 37. Bf4 Bxd7 1/2-1/2

[Event "3MCR_3DW_1L_1S"]
[Site "?"]
[Date "2009.??.??"]
[Round "?"]
[White "Popelka, Miloslav"]
[Black "Kuta, Jiri"]
[Result "1/2-1/2"]
[WhiteElo "2260"]
[BlackElo "2359"]
[Annotator "044"]
[PlyCount "63"]
[EventDate "2009.??.??"]
[EventType "corr"]
[SourceDate "2002.06.29"]

1. e4 e5 2. Nf3 Nc6 3. Bb5 a6 4. Ba4 Nf6 5. O-O Be7 6. Re1 b5 7. Bb3 O-O 8. a4
b4 9. d3 a5 10. Nbd2 h6 11. h3 Bc5 12. c3 d6 13. Nc4 bxc3 14. bxc3 Rb8 15. Be3
Bxe3 16. Nxe3 Bd7 17. Rb1 Nh5 18. Re2 Qf6 19. Nd5 Qg6 20. Kh2 Nf4 21. Nxf4 exf4
22. Reb2 Qh5 23. Qe2 g5 24. Kg1 g4 25. hxg4 Bxg4 26. d4 Bxf3 27. Qxf3 Qxf3 28.
gxf3 Rb6 29. Bc4 Rxb2 30. Rxb2 Rb8 31. Rxb8+ Nxb8 32. Kg2 1/2-1/2

[Event "3MCR_3DW_1L_3S"]
[Site "?"]
[Date "2009.??.??"]
[Round "?"]
[White "Svoboda, Frantisek"]
[Black "Splichal, Josef"]
[Result "1/2-1/2"]
[WhiteElo "2374"]
[BlackElo "2204"]
[Annotator "062"]
[PlyCount "114"]
[EventDate "2009.??.??"]
[EventType "corr"]
[SourceDate "2002.06.29"]

1. c4 Nf6 2. Nc3 e5 3. Nf3 Nc6 4. g3 d5 5. cxd5 Nxd5 6. Bg2 Nxc3 7. bxc3 Bd6 8.
O-O Qe7 9. Rb1 e4 10. Nd4 Nxd4 11. cxd4 O-O 12. d3 exd3 13. Qxd3 c6 14. d5 cxd5
15. Qxd5 Bc7 16. Qd3 Rd8 17. Qe3 Qd7 18. Qb3 Bb6 19. Bg5 Re8 20. Be3 Bxe3 21.
fxe3 Qe7 22. Bd5 Be6 23. Bxe6 fxe6 24. Qxb7 Rad8 25. Qe4 Rd5 26. a4 Red8 27. a5
Qd6 28. Rb7 Rd1 29. Rbf7 Rxf1+ 30. Rxf1 h6 31. Qg6 Qd7 32. Kg2 Re8 33. Rf4 Qd5+
34. Kh3 Re7 35. a6 Qa5 36. Qd3 Qh5+ 37. Kg2 Qd5+ 38. Re4 Qa8 39. Kf2 e5 40. Rc4
e4 41. Qd6 Qe8 42. Rc6 Kh7 43. Ke1 Re5 44. h4 Rb5 45. g4 Rb1+ 46. Kf2 Rd1 47.
Qe6 Qf8+ 48. Qf5+ Qxf5+ 49. gxf5 Rd5 50. f6 Rf5+ 51. Kg3 gxf6 52. Rc7+ Kg6 53.
Rxa7 Ra5 54. Kf4 f5 55. Ra8 Kh5 56. a7 Ra4 57. Kg3 Ra3 1/2-1/2

[Event "3MCR_3DW_1L_2S"]
[Site "?"]
[Date "2009.??.??"]
[Round "?"]
[White "Kuchta, Jiri"]
[Black "Pirhala, Ladislav"]
[Result "0-1"]
[WhiteElo "2162"]
[BlackElo "2190"]
[Annotator "050"]
[PlyCount "78"]
[EventDate "2009.??.??"]
[EventType "corr"]
[SourceDate "2002.06.29"]

1. e4 c5 2. Nf3 d6 3. d4 cxd4 4. Nxd4 Nf6 5. Nc3 a6 6. Be3 e5 7. Nb3 Be7 8. f3
O-O 9. Qd2 Be6 10. O-O-O Nbd7 11. g4 b5 12. g5 b4 13. Ne2 Ne8 14. f4 a5 15. f5
Bc4 16. Ng3 Bxf1 17. Rhxf1 a4 18. Na1 a3 19. b3 Kh8 20. h4 Rc8 21. f6 gxf6 22.
Nf5 Rc3 23. Rg1 fxg5 24. hxg5 Ng7 25. Rh1 Rxe3 26. Nxe7 Qxe7 27. Qxe3 Ne6 28.
Rdg1 Nf4 29. Rh2 Kg7 30. Qe1 Rc8 31. Qh4 Nf8 32. Rd1 Rc3 33. Kb1 Qc7 34. Qh6+
Kg8 35. Qxd6 Qxd6 36. Rxd6 N8e6 37. Rh1 Ne2 38. Rd2 Ng3 39. Re1 Nxg5 0-1

[Event "3MCR_3DW_1L_2S"]
[Site "?"]
[Date "2009.??.??"]
[Round "?"]
[White "Zahour, Jiri"]
[Black "Kuchta, Jiri"]
[Result "1/2-1/2"]
[WhiteElo "2321"]
[BlackElo "2162"]
[Annotator "051"]
[PlyCount "79"]
[EventDate "2009.??.??"]
[EventType "corr"]
[SourceDate "2002.06.29"]

1. e4 e5 2. Nf3 Nc6 3. d4 exd4 4. Nxd4 Bc5 5. Nxc6 Qf6 6. Qf3 dxc6 7. Nc3 Be6
8. Be3 Bb4 9. Qxf6 Nxf6 10. f3 O-O 11. a3 Bxc3+ 12. bxc3 Nd7 13. Bf4 Rac8 14.
Kf2 f5 15. e5 Rcd8 16. Be2 Nb6 17. Rhb1 Nd5 18. Bg5 Rb8 19. Bd2 f4 20. g3 c5
21. Bd3 fxg3+ 22. hxg3 b6 23. c4 Ne7 24. Rh1 h6 25. f4 Nc6 26. Bc3 Rbd8 27.
Rad1 Nd4 28. Bxd4 Rxd4 29. c3 Rd7 30. Ke3 Rfd8 31. Rd2 Bg4 32. Rhh2 Kf7 33. Be4
Rxd2 34. Rxd2 Rxd2 35. Kxd2 g6 36. Ke3 a5 37. Bb7 Ke7 38. Be4 Kf7 39. Bd5+ Ke7
40. Bc6 1/2-1/2

[Event "3MCR_3DW_1L_3S"]
[Site "?"]
[Date "2009.??.??"]
[Round "?"]
[White "Portych, Vaclav"]
[Black "Tunega, Frantisek"]
[Result "1/2-1/2"]
[WhiteElo "2219"]
[BlackElo "2003"]
[Annotator "063"]
[PlyCount "95"]
[EventDate "2009.??.??"]
[EventType "corr"]
[SourceDate "2002.06.29"]

1. c4 Nf6 2. Nc3 g6 3. e4 d6 4. d4 Bg7 5. Nf3 O-O 6. Be2 e5 7. O-O Nc6 8. d5
Ne7 9. b4 Nh5 10. Re1 f5 11. Ng5 Nf6 12. f3 Nh5 13. c5 Nf4 14. Bc4 Kh8 15. Rb1
fxe4 16. Ngxe4 Nf5 17. a4 Nd4 18. Rf1 Bf5 19. Kh1 b6 20. cxd6 cxd6 21. Ba6 Bxe4
22. fxe4 Qd7 23. Rb2 Kg8 24. Be3 Nh5 25. Rbf2 Rxf2 26. Rxf2 Rf8 27. Rxf8+ Bxf8
28. Nb5 Nxb5 29. Bxb5 Qc8 30. Bc6 Nf6 31. Qf3 Be7 32. Bg1 Kg7 33. h3 Qa6 34.
Bb5 Qc8 35. a5 Bd8 36. a6 Qc1 37. Kh2 Qe1 38. Bd3 Qxb4 39. Qd1 Qc3 40. Bf2 Qb2
41. Qc2 Qxc2 42. Bxc2 Nd7 43. Ba4 Nc5 44. Bxc5 dxc5 45. Bb5 Bh4 46. g3 Bg5 47.
Kg2 Kf7 48. Kf3 1/2-1/2

[Event "3MCR_3DW_1L_3S"]
[Site "?"]
[Date "2009.??.??"]
[Round "?"]
[White "Splichal, Josef"]
[Black "Riha, Jan"]
[Result "0-1"]
[WhiteElo "2204"]
[BlackElo "2275"]
[Annotator "064"]
[PlyCount "136"]
[EventDate "2009.??.??"]
[EventType "corr"]
[SourceDate "2002.06.29"]

1. e4 e5 2. Nf3 Nf6 3. Nxe5 d6 4. Nf3 Nxe4 5. d4 d5 6. Bd3 Be7 7. O-O Nc6 8.
Re1 Bg4 9. c4 Nf6 10. c5 Bxf3 11. Qxf3 Nxd4 12. Qe3 Ne6 13. Bf5 Ne4 14. Bxe4
Bxc5 15. Qb3 dxe4 16. Nc3 O-O 17. Nxe4 Bb6 18. Be3 Qh4 19. Nd2 Nd4 20. Qd1 Rad8
21. Nf3 Qf6 22. Nxd4 Bxd4 23. Qb3 b6 24. Bxd4 Rxd4 25. Qc3 Rfd8 26. b4 g6 27.
Rac1 Kg7 28. b5 R8d5 29. Qb2 Re5 30. g3 Rxe1+ 31. Rxe1 Rc4 32. Qe2 Rc5 33. a4
c6 34. h4 Qc3 35. bxc6 Rxc6 36. Rd1 Re6 37. Qg4 h5 38. Qf4 Re1+ 39. Rxe1 Qxe1+
40. Kg2 Qc3 41. Qe4 a6 42. Qd5 Qc5 43. Qb7 Qc4 44. Qxb6 Qxa4 45. Qb2+ Kg8 46.
Qb8+ Kh7 47. Qd8 Qb5 48. Kh2 a5 49. Qc7 Qd5 50. Qc2 Qd7 51. Qa2 a4 52. f4 Kg8
53. Qg2 Qa7 54. f5 gxf5 55. Qf3 Qd4 56. Qxf5 Qd2+ 57. Kh3 a3 58. Qxh5 a2 59.
Qe5 Qh6 60. g4 Qa6 61. Qg5+ Qg6 62. Qe5 Qd3+ 63. Kh2 Qa6 64. Qg5+ Qg6 65. Qd8+
Kh7 66. Qa5 Qc2+ 67. Kg3 Qb3+ 68. Kf4 Qb2 0-1

[Event "3MCR_3DW_1L_1S"]
[Site "?"]
[Date "2009.??.??"]
[Round "?"]
[White "Kaas, Jaroslav"]
[Black "Ryvova, Anna"]
[Result "1/2-1/2"]
[WhiteElo "1800"]
[BlackElo "2315"]
[Annotator "045"]
[PlyCount "69"]
[EventDate "2009.??.??"]
[EventType "corr"]
[SourceDate "2002.06.29"]

1. e4 e6 2. d4 d5 3. Nc3 Nf6 4. e5 Nfd7 5. f4 c5 6. Nf3 Nc6 7. Be3 Qb6 8. a3
cxd4 9. Nxd4 Bc5 10. Na4 Qa5+ 11. c3 Bxd4 12. Bxd4 Nxd4 13. Qxd4 b6 14. Qb4 Bb7
15. Bb5 Rc8 16. c4 dxc4 17. O-O Bc6 18. Nc3 Bxb5 19. Nxb5 Rc5 20. Nd6+ Ke7 21.
b3 cxb3 22. Qxb3 Qc3 23. Qd1 h5 24. Rf3 Qc2 25. Qe1 h4 26. h3 Rd5 27. Rc3 Qd2
28. Nc8+ Kd8 29. Qxd2 Rxd2 30. Rc6 Nb8 31. Rc4 Nd7 32. Nxa7 Nc5 33. Rb1 Kc7 34.
Nb5+ Kc6 35. Rcb4 1/2-1/2

[Event "3MCR_3DW_1L_1S"]
[Site "?"]
[Date "2009.??.??"]
[Round "?"]
[White "Ryvova, Anna"]
[Black "Valak, Alois"]
[Result "1/2-1/2"]
[WhiteElo "2315"]
[BlackElo "2326"]
[Annotator "046"]
[PlyCount "62"]
[EventDate "2009.??.??"]
[EventType "corr"]
[SourceDate "2002.06.29"]

1. d4 d5 2. c4 e6 3. Nc3 Nf6 4. Bg5 c6 5. e3 h6 6. Bh4 Be7 7. Nf3 Nbd7 8. Qc2
O-O 9. Rd1 b6 10. Bd3 Ba6 11. Qa4 Bxc4 12. Bxc4 dxc4 13. Qxc4 b5 14. Qb3 b4 15.
Na4 Rc8 16. O-O Qa5 17. Rc1 g5 18. Bg3 Ne4 19. Rfd1 c5 20. dxc5 Ndxc5 21. Nxc5
Rxc5 22. Rc4 Rxc4 23. Qxc4 Rd8 24. Rxd8+ Qxd8 25. Nd4 Nxg3 26. hxg3 a5 27. g4
Bf6 28. Qc5 Kg7 29. b3 Bxd4 30. exd4 Qd5 31. Qxd5 exd5 1/2-1/2

[Event "3MCR_3DW_1L_3S"]
[Site "?"]
[Date "2009.??.??"]
[Round "?"]
[White "Ryska, Jiri"]
[Black "Tyrlik, Jaroslav"]
[Result "1/2-1/2"]
[WhiteElo "2104"]
[BlackElo "2039"]
[Annotator "065"]
[PlyCount "155"]
[EventDate "2009.??.??"]
[EventType "corr"]
[SourceDate "2002.06.29"]

1. d4 d5 2. Nf3 Nf6 3. Bf4 Bf5 4. e3 e6 5. Bd3 Ne4 6. O-O Nd7 7. Nc3 Bd6 8.
Bxd6 cxd6 9. Nd2 Nxc3 10. bxc3 Bxd3 11. cxd3 O-O 12. Rb1 Qc7 13. c4 dxc4 14.
dxc4 Rac8 15. Qf3 b6 16. Rfc1 f5 17. a4 Qc6 18. h3 Qxf3 19. Nxf3 Rc7 20. a5
Rfc8 21. Nd2 Kf7 22. Kf1 h5 23. Ke2 Ke7 24. Kd3 e5 25. g4 fxg4 26. hxg4 hxg4
27. Rg1 d5 28. cxd5 exd4 29. axb6 axb6 30. exd4 Rc3+ 31. Ke2 Re8 32. Rxg4 Nf6
33. Re4+ Nxe4 34. Nxe4 Kd8 35. f3 Ra3 36. Rxb6 Kc8 37. Rc6+ Kd8 38. Rd6+ Kc8
39. Rg6 Rh8 40. Kf2 Rf8 41. Ng5 Kd7 42. Rxg7+ Kd6 43. Ne4+ Kxd5 44. Rd7+ Kc4
45. Nd6+ Kd3 46. Nf7 Ra2+ 47. Kg3 Ra4 48. Ne5+ Ke3 49. Ng4+ Ke2 50. Re7+ Kd2
51. d5 Rd4 52. Rd7 Kc3 53. d6 Kc4 54. Rc7+ Kb5 55. d7 Rf5 56. Nh6 Rf6 57. Ng4
Re6 58. f4 Kb6 59. Rc2 Rxd7 60. Ne5 Rd1 61. Rd2 Rf1 62. Kg4 Re8 63. Rd7 Rf8 64.
Rf7 Ra8 65. Kg5 Kc5 66. Rd7 Rg8+ 67. Kf5 Rf8+ 68. Rf7 Ra8 69. Rd7 Re8 70. Ke4
Re1+ 71. Kf5 Rf8+ 72. Nf7 Kc6 73. Rd6+ Kc7 74. Rf6 Rf1 75. Ke6 Re8+ 76. Kf5 Re2
77. Ne5 Ref2 78. Ng6 1/2-1/2

[Event "3MCR_3DW_1L_1S"]
[Site "?"]
[Date "2009.??.??"]
[Round "?"]
[White "Popelka, Miloslav"]
[Black "Pecka, Josef"]
[Result "1/2-1/2"]
[WhiteElo "2260"]
[BlackElo "2270"]
[Annotator "047"]
[PlyCount "65"]
[EventDate "2009.??.??"]
[EventType "corr"]
[SourceDate "2002.06.29"]

1. e4 e6 2. d4 d5 3. Nd2 Nf6 4. e5 Nfd7 5. Bd3 c5 6. c3 Nc6 7. Ne2 cxd4 8. cxd4
f6 9. exf6 Nxf6 10. Nf3 Bd6 11. O-O O-O 12. Bf4 Bxf4 13. Nxf4 Ne4 14. g3 Qf6
15. h4 h6 16. Bxe4 dxe4 17. Ne5 Rd8 18. Nxc6 bxc6 19. Qa4 Rb8 20. b3 Rxd4 21.
Qxa7 Rdb4 22. Rac1 e5 23. Ng2 Bg4 24. Rc4 Bf3 25. Rfc1 R4b7 26. Qe3 Ra8 27.
R4c2 Rd7 28. Ne1 Qf5 29. Kh2 g5 30. Nxf3 Rd3 31. Qb6 Rxf3 32. Rxc6 Rf8 33. Rg6+
1/2-1/2

[Event "3MCR_3DW_1L_1S"]
[Site "?"]
[Date "2009.??.??"]
[Round "?"]
[White "Kaas, Jaroslav"]
[Black "Valak, Alois"]
[Result "1-0"]
[WhiteElo "1800"]
[BlackElo "2326"]
[Annotator "048"]
[PlyCount "131"]
[EventDate "2009.??.??"]
[EventType "corr"]
[SourceDate "2002.06.29"]

1. e4 e5 2. Nf3 Nc6 3. Bb5 a6 4. Ba4 Nf6 5. O-O Be7 6. Re1 b5 7. Bb3 O-O 8. c3
d6 9. h3 Bb7 10. d4 Re8 11. Nbd2 Bf8 12. d5 Nb8 13. Nf1 Nbd7 14. Ng3 h6 15. Nh2
g6 16. Ng4 Nxg4 17. Qxg4 a5 18. a4 Nc5 19. Qd1 b4 20. cxb4 axb4 21. Bc4 c6 22.
dxc6 Bxc6 23. b3 Qf6 24. Bd2 Rab8 25. Rc1 Red8 26. Be3 Rd7 27. Qc2 h5 28. Rcd1
Qd8 29. Bxc5 dxc5 30. Rxd7 Qxd7 31. Nf1 Rd8 32. a5 Bh6 33. a6 Bb5 34. Nh2 Bxc4
35. Qxc4 Qe6 36. Qxe6 fxe6 37. Nf3 Ra8 38. Ra1 c4 39. bxc4 b3 40. Rb1 Rxa6 41.
Rxb3 Ra1+ 42. Kh2 Rc1 43. Kg3 Rxc4 44. Rb8+ Kg7 45. Rb7+ Kf6 46. Rf7+ Kxf7 47.
Nxe5+ Kf6 48. Nxc4 e5 49. Kf3 Bf8 50. Ne3 Kf7 51. g3 Bc5 52. Ke2 Bd6 53. Nd5 g5
54. Ne3 Bc5 55. Kd3 Bb6 56. Kc4 Ke6 57. Kb5 Ba7 58. Kc6 Bd4 59. g4 hxg4 60.
hxg4 Ba7 61. Nd5 Bxf2 62. Nc7+ Kf7 63. Kd6 Bb6 64. Ne6 Bd4 65. Nc5 Bf2 66. Nd7
1-0

[Event "3MCR_3DW_1L_1S"]
[Site "?"]
[Date "2009.??.??"]
[Round "?"]
[White "Popelka, Miloslav"]
[Black "Makovsky, Petr"]
[Result "1/2-1/2"]
[WhiteElo "2260"]
[BlackElo "2324"]
[Annotator "049"]
[PlyCount "74"]
[EventDate "2009.??.??"]
[EventType "corr"]
[SourceDate "2002.06.29"]

1. e4 e5 2. Nf3 Nc6 3. Bb5 a6 4. Ba4 Nf6 5. O-O Be7 6. Re1 b5 7. Bb3 O-O 8. c3
d6 9. h3 Nb8 10. d4 Nbd7 11. Nbd2 Bb7 12. Bc2 Re8 13. Nf1 Bf8 14. Ng3 g6 15. a4
c5 16. d5 c4 17. Bg5 h6 18. Be3 Qc7 19. Qd2 Kh7 20. Reb1 Nc5 21. Bxc5 Qxc5 22.
b3 Reb8 23. axb5 cxb3 24. Rxb3 axb5 25. Rab1 Bc8 26. Bd3 h5 27. Bxb5 Bh6 28.
Qc2 Ra5 29. c4 Rba8 30. R3b2 Ra1 31. Nf1 Kg7 32. N1d2 Bxd2 33. Nxd2 Qd4 34. c5
R8a3 35. cxd6 Rc3 36. Qd1 Nxe4 37. Qe1 Rxb1 1/2-1/2